| 000 | 01537cam a2200385 a 4500 | ||
|---|---|---|---|
| 001 | 14822505 | ||
| 005 | 20170105102844.0 | ||
| 008 | 070425s2005 enka b 000 0 eng d | ||
| 010 | _a 2007273960 | ||
| 020 | _a1844072525 (pbk.) | ||
| 020 | _a9781844072521 | ||
| 035 | _a(OCoLC)ocm62071825 | ||
| 040 |
_aLWU _cLWU _dBAKER _dYDXCP _dDLC |
||
| 042 | _alccopycat | ||
| 043 | _ad------ | ||
| 050 | 0 | 0 |
_aHC59.7 _b.I5949 2005 |
| 082 | _2338.91091724 | ||
| 245 | 0 | 0 |
_aInvesting in development : _ba practical plan to achieve the Millennium Development Goals. _pCIPSOverview / _cUN Millennium Project, Jeffrey D. Sachs, director. |
| 260 |
_a[London ; _aSterling, Va. : _bEarthscan], _cc2005. |
||
| 300 |
_axvi, 74 p. : _bill., maps ; _c26 cm. |
||
| 500 | _a"2005 New York." | ||
| 500 | _a"Millennium Project, report to the UN Secretary General"--Cover. | ||
| 500 | _aSponsored by the United Nations Development Programme on behalf of the UN Development Group. | ||
| 504 | _aIncludes bibliographical references (p. 65-68). | ||
| 610 | 2 | 0 | _aUN Millennium Project. |
| 650 | 0 | _aHumanitarian assistance. | |
| 651 | 0 |
_aDeveloping countries _xEconomic policy. |
|
| 700 | 1 | _aSachs, Jeffrey. | |
| 710 | 2 | _aUN Millennium Project. | |
| 710 | 2 | _aUnited Nations Development Programme. | |
| 856 | 4 | 1 |
_3Table of contents only _uhttp://www.loc.gov/catdir/toc/fy0710/2007273960.html |
| 906 |
_a7 _bcbc _ccopycat _d2 _encip _f20 _gy-gencatlg |
||
| 942 |
_2ddc _cBK |
||
| 999 |
_c13979 _d13979 |
||